Catálogo público

Guía autodidáctica para la alimentación de ganado y aves de corral / I. L. Brakensiek y Lloyd J. Phipps ; traducción Cayetano L. Bogado (Record no. 209296)

MARC details
000 -CABECERA
campo de control de longitud fija 00977nam a2200265Ia 4500
001 - NÚMERO DE CONTROL
campo de control dia_2074
003 - IDENTIFICADOR DEL NÚMERO DE CONTROL
campo de control CHAP
005 - FECHA Y HORA DE LA ÚLTIMA TRANSACCIÓN
campo de control 20251021144706.0
008 - DATOS DE LONGITUD FIJA--INFORMACIÓN GENERAL
campo de control de longitud fija 220601s9999 xx 000 0 und d
040 ## - FUENTE DE LA CATALOGACIÓN
Centro/agencia transcriptor CHAP
082 ## - NÚMERO DE LA CLASIFICACIÓN DECIMAL DEWEY
Número de clasificación 636.084 B73 [19--]
100 ## - ENTRADA PRINCIPAL--NOMBRE DE PERSONA
Nombre de persona Brakensiek, I. L.
9 (RLIN) 15000
245 ## - MENCIÓN DE TÍTULO
Título Guía autodidáctica para la alimentación de ganado y aves de corral / I. L. Brakensiek y Lloyd J. Phipps ; traducción Cayetano L. Bogado
260 ## - PUBLICACIÓN, DISTRIBUCIÓN, ETC.
Lugar de publicación, distribución, etc. Argentina : Hemisferio Sur
300 ## - DESCRIPCIÓN FÍSICA
Extensión xii, 163 p.
500 ## - NOTA GENERAL
Nota general Título original: Self-study guide in animal science - feeding livestock and poultry
590 ## - NOTA LOCAL (RLIN)
Nota local SF95 B73 [19--]
650 ## - PUNTO DE ACCESO ADICIONAL DE MATERIA--TÉRMINO DE MATERIA
Término de materia o nombre geográfico como elemento de entrada 1. Nutrición animal - Exámenes, preguntas, etc.
650 ## - PUNTO DE ACCESO ADICIONAL DE MATERIA--TÉRMINO DE MATERIA
Término de materia o nombre geográfico como elemento de entrada Alimentación animal - Exámenes, preguntas, etc.
700 ## - PUNTO DE ACCESO ADICIONAL--NOMBRE DE PERSONA
Nombre de persona Phipps, Lloyd James, coaut.Ì
9 (RLIN) 175772
901 ## - ELEMENTOS DE DATOS A LOCAL LDA (RLIN)
a 636.084 B73 [19--]
902 ## - ELEMENTOS DE DATOS B LOCAL, LDB (RLIN)
a M
905 ## - ELEMENTOS DE DATOS E LOCAL, LDE (RLIN)
a 523227[19--] ag x 8222223322spa16
942 ## - ELEMENTOS DE PUNTO DE ACCESO ADICIONAL (KOHA)
Tipo de ítem Koha Libro
Fuente del sistema de clasificación o colocación Dewey Decimal Classification
Holdings
Estado de retiro Estado de pérdida Fuente del sistema de clasificación o colocación Estado dañado No para préstamo Código de colección Localización permanente Ubicación/localización actual Ubicación en estantería Fecha de adquisición Total de préstamos Código de barras Fecha visto por última vez Fecha del último préstamo Número de copia Precio válido a partir de Tipo de ítem Koha
    Dewey Decimal Classification     General Ingenieria Agroindustrial Ingenieria Agroindustrial   01/06/2022 2 dia_000188 01/06/2023 01/06/2023 1 01/06/2022 Libro